[Event "POL-ch Rapid U18 Girls"]
[Site "Bydgoszcz"]
[Date "2023.08.30"]
[Round "7"]
[White "Cudyk, Oliwia"]
[Black "Gorecka, Zuzanna"]
[Result "0-1"]
[WhiteElo "1203"]
[BlackElo "1328"]
[PlyCount "56"]
[EventDate "2023.08.28"]
[EventType "swiss"]
[EventRounds "11"]
[EventCountry "POL"]
[SourceTitle "EXT 2024"]
[Source "ChessBase"]
[SourceDate "2023.10.10"]
[SourceVersion "1"]
[SourceVersionDate "2023.10.10"]
[SourceQuality "1"]

1. e4 c6 2. d4 d5 3. exd5 cxd5 4. Bd3 Nc6 5. c3 Nf6 6. h3 e6 7. Bf4 Bd6 8. Bxd6 Qxd6 9. Nf3 0-0 10. 0-0 Re8 11. Re1 e5 12. dxe5 Nxe5 13. Nxe5 Rxe5 14. Nd2 Bd7 15. Nf3 Rxe1+ 16. Qxe1 Re8 17. Qd2 Ne4 18. Qc2 Qf4 19. Nd4 Qg5 20. Kh1 h6 21. Re1 Ng3+ 22. fxg3 Rxe1+ 23. Kh2 Qe3 24. Ne2 Bf5 25. Bxf5 Rxe2 26. Qb3 Re1 27. g4 Qf4+ 28. g3 Qf2# 0-1

[Event "POL-ch Rapid U18 Girls"]
[Site "Bydgoszcz"]
[Date "2023.08.29"]
[Round "6"]
[White "Debowska, Olga"]
[Black "Cudyk, Oliwia"]
[Result "1/2-1/2"]
[WhiteElo "1282"]
[BlackElo "1203"]
[PlyCount "76"]
[EventDate "2023.08.28"]
[EventType "swiss"]
[EventRounds "11"]
[EventCountry "POL"]
[SourceTitle "EXT 2024"]
[Source "ChessBase"]
[SourceDate "2023.10.10"]
[SourceVersion "1"]
[SourceVersionDate "2023.10.10"]
[SourceQuality "1"]

1. e4 e5 2. Nf3 Nc6 3. Bb5 Nf6 4. d3 Bc5 5. 0-0 d6 6. Bxc6+ bxc6 7. Nc3 h6 8. h3 0-0 9. Na4 Bb6 10. Nxb6 axb6 11. Nh2 Nh7 12. f4 exf4 13. Bxf4 f5 14. exf5 Bxf5 15. a3 Ng5 16. Qd2 Ne6 17. Be3 Qh4 18. Qf2 Qf6 19. Rab1 Qg6 20. Qh4 Rae8 21. Rbe1 d5 22. Kh1 c5 23. g4 Bxd3 24. cxd3 Rxf1+ 25. Nxf1 Qxd3 26. Qg3 Rf8 27. Bf2 Qc2 28. Rxe6 Rxf2 29. Re1 Qxb2 30. Qxc7 Rf8 31. Qd6 Qf2 32. Qxd5+ Kh8 33. Qe4 Qh4 34. Qe3 Qf6 35. Kg2 Qc6+ 36. Qe4 Qf6 37. Qe3 Qc6+ 38. Qe4 Qf6 1/2-1/2

[Event "POL-ch sf (Women)"]
[Site "Karpacz"]
[Date "2022.12.04"]
[Round "3"]
[White "Salamon, Julia"]
[Black "Cudyk, Oliwia"]
[Result "1-0"]
[WhiteElo "1670"]
[BlackElo "1204"]
[PlyCount "65"]
[EventDate "2022.12.03"]
[EventType "swiss"]
[EventRounds "9"]
[EventCountry "POL"]
[SourceTitle "EXT 2024"]
[Source "ChessBase"]
[SourceDate "2023.10.10"]
[SourceVersion "1"]
[SourceVersionDate "2023.10.10"]
[SourceQuality "1"]

1. d4 Nf6 2. c4 g6 3. Nc3 Bg7 4. e4 d6 5. Nf3 0-0 6. Be2 c5 7. d5 h6 8. h3 Nh7 9. Be3 a5 10. Bd3 e6 11. Qd2 g5 12. Qc2 f5 13. dxe6 f4 14. Bxc5 Na6 15. Ba3 Nf6 16. e5 Ne8 17. h4 g4 18. Ng5 Bxe6 19. Nxe6 Qe7 20. Nxf8 Qxe5+ 21. Qe2 Kxf8 22. Qxe5 Bxe5 23. Kd2 Nc5 24. Bxc5 dxc5 25. Rhe1 Bd4 26. Re4 Kg8 27. Rxf4 Nf6 28. Ne4 Nxe4+ 29. Rxe4 Bxb2 30. Rb1 Bf6 31. Rxb7 Kh8 32. Rxg4 Bd4 33. Rh7# 1-0